| 000 | 00564nam a2200217Ia 4500 | ||
|---|---|---|---|
| 005 | 20250508165111.0 | ||
| 008 | 008 250505s9999 xx 000 0 eng d | ||
| 020 | _a978-0-415-56420-5 | ||
| 037 | _aTextual | ||
| 040 |
_aFEDL _beng _cFEDL |
||
| 041 |
_aeng _2eng |
||
| 084 |
_a305.235, COL _qFEDL |
||
| 100 |
_aColeman John C _916704 |
||
| 245 | 0 | _aNature of adolescence | |
| 250 | _a4 | ||
| 260 |
_aLondon, UK _bRoutledge _c2011 |
||
| 300 | _a271 p. | ||
| 365 |
_aGBP _b18.5 |
||
| 942 |
_cTEXL _h305.235, COL |
||
| 999 |
_c1393167 _d1393167 |
||